00429nam a2200169Ia 4500003000500000008004100005020001800046040001900064082000700083100001700090100002000107245006100127260003600188300001500224365000800239546001200247STCL221019s9999 xx 000 0 und d a9789384294847 aSTCLcSTCLbEN 222 aArup, Sarkar aMajumdar, Anadi 0aOrganic chemistry: Functional group approaches: Volume 2 bBooks and AlliedaKolkatac2017 axx, 1026 p b745 aEnglish